|
|
|
|
| LEADER |
00000nab a2200000uu 4500 |
| 001 |
vtls011531212 |
| 003 |
SK-MaSNL |
| 005 |
20260303112927.0 |
| 008 |
230121|1937 xo |||||||||||||||||slo| |
| 015 |
|
|
|a SNBRB
|
| 035 |
|
|
|a (urnnbn)urn:nbn:sk:snk:ar-a090cz
|
| 035 |
|
|
|a (uuid)22a28416-5811-4998-b1f3-84c619ac3f32
|
| 035 |
|
|
|a urn:nbn:sk:snk-abeh6v
|
| 040 |
|
|
|a SNKBUCL
|b slo
|c SNKBUCL
|e AACR2
|
| 041 |
0 |
|
|a slo
|
| 044 |
|
|
|a xo
|c SK
|
| 100 |
1 |
|
|a Hrdlička, Ľudovít Jaroslav,
|d 1873-1953
|4 aut
|9 207141
|
| 245 |
1 |
0 |
|a "Ploďte se a rozmnožujte se!"
|c L. J. Hrdlička
|
| 773 |
0 |
|
|t Cirkevné listy : časopis venovaný záujmom cirkve evanjelickej a. v.
|g Roč. 51, č. 13 (1937), s. 250-254
|
| 954 |
|
|
|a odborná, vedecká literatúra pôvodná (slovenská)
|2 lita
|
| 958 |
|
|
|a OND
|
| 958 |
|
|
|a EUIPO
|
| 958 |
|
|
|a article21
|
| 999 |
|
|
|c 1888621
|d 1890551
|